000 00713nas a2200229 4500
001 BR8904519
003 BR-BrBNA
005 20231205091713.0
007 ta
008 230509b bl.|||p| |||| 00| 00por d
040 _aBR-BrBNA
_bpor
_cBiblioteca Nacional de Agricultura
041 _a(Pt)
072 _aL70; L52
100 1 _aLamming, G.E.
245 1 _aRelatorio do grupo de trabalho cientifico europeu sobre os anabolizantes na producao animal
650 _aANABOLIZANTE
650 _aPRODUCAO ANIMAL
650 _aCRESCIMENTO
773 0 _tHora Veterinaria (Brazil)
_xISSN 0101-9163
_g(Jan-Feb 1988), v. 7(41) p. 37-43
_wBR8904519
909 _a202311
_bLúcia
_c55
_dLúcia Elande
942 _2AGRIS
_n0
_cANA
999 _c126815
_d126815